| 000 | 00444nam a2200181Ia 4500 | ||
|---|---|---|---|
| 008 | 170705s9999 xx 000 0 und d | ||
| 020 | _a439498643 | ||
| 245 | _aBoss of lunch / | ||
| 245 | _cBarbara Park ; illustrated by Denise Brunkus. | ||
| 260 | _aNew York : | ||
| 260 | _bScholastic, | ||
| 260 | _c2002 | ||
| 300 | _a77 pages : | ||
| 300 | _bcolor illustration ; | ||
| 300 | _c19cm. | ||
| 440 | _aJunie B. Jones. | ||
| 500 | _a330 | ||
| 999 |
_c335600 _d335600 |
||